| 000 | 01242nam a2200265Ia 4500 | ||
|---|---|---|---|
| 999 |
_c53953 _d53953 |
||
| 001 | 21004 | ||
| 003 | GE_BSU | ||
| 005 | 20210705180328.0 | ||
| 008 | 181216s2002||||ge |||||||||||||| ||geo|| | ||
| 040 | _cGE_BSU | ||
| 041 | _ageo | ||
| 080 | _a1+32.01 ჯ-26 | ||
| 100 |
_aჯაფარიძე, შოთა _94625 |
||
| 245 |
_aპოლიტიკური ფილოსოფია / _cშოთა ჯაფარიძე ; რედ. შოთა მისაბიშვილი. |
||
| 264 |
_aთბილისი-ბათუმი : _b[გ.გ.], _c2002. |
||
| 300 |
_a260 გვ. ; _c20 სმ. |
||
| 504 | _aბიბლიოგრაფია გვ. : 258-259 | ||
| 541 | _h7ლ. | ||
| 653 | _aპოლიტიკური ფილოსოფია | ||
| 653 | _aპოლიტოლოგია | ||
| 653 | _aფილოსოფია | ||
| 700 |
_aმისაბიშვილი, შოთა _eრედაქტორი _912189 |
||
| 710 |
_aბათუმის შოთა რუსთაველის სახელმწიფო უნსტიტუტი _bფილოსოფიისა და პოლიტოლოგიის კათედრა _912190 |
||
| 942 |
_cBK _2udc |
||